[Event "Quebec op"]
[Site "Montreal"]
[Date "1983.07.24"]
[Round "1"]
[White "Claudius, Jean Marie"]
[Black "Clement, Michel"]
[Result "0-1"]
[WhiteElo "1261"]
[BlackElo "1597"]
[PlyCount "72"]
[EventDate "1983.07.24"]
[EventType "swiss"]
[EventRounds "8"]
[EventCountry "CAN"]
[SourceTitle "EXT 2022"]
[Source "ChessBase"]
[SourceDate "2021.10.06"]
[SourceVersion "1"]
[SourceVersionDate "2021.10.06"]
[SourceQuality "1"]

1. c4 Nf6 2. Nf3 g6 3. d4 d5 4. Nc3 Bg7 5. g3 0-0 6. Bg2 c6 7. 0-0 dxc4 8. e3 b5 9. Nd2 a6 10. f4 Nd5 11. Nf3 Qc7 12. Qc2 Nb4 13. Qe2 Bf5 14. e4 Bg4 15. Be3 a5 16. a3 Nd3 17. b3 Nd7 18. h3 Bxf3 19. Rxf3 Rab8 20. f5 c5 21. Nd5 Qd8 22. dxc5 N7xc5 23. Rb1 Nxe4 24. bxc4 bxc4 25. Rxb8 Qxb8 26. Nxe7+ Kh8 27. Rf1 Nxg3 28. Qg4 Nxf1 29. Bxf1 Qe5 30. Bg5 Qd4+ 31. Qxd4 Bxd4+ 32. Kg2 f6 33. Bh4 g5 34. Bg3 Bc5 35. Nc6 Ra8 36. Kf3 Bxa3 0-1